Geología práctica : introducción al reconocimiento de materiales y análisis de mapas /

Libro introductorio para ciencias de la tierra sobre los métodos prácticos más comunes en geología. Contiene tres partes: la primera Minerales y rocas; la segunda Análisis de las formas del paisaje mediante mapas topográficos y fotografías aéreas y una tercera Mapas y cortes geológicos. De cada uno...

Täydet tiedot

Tallennettuna:
Bibliografiset tiedot
Päätekijä: Pozo Rodríguez, Manuel (autor)
Muut tekijät: González Yélamos, Javier (autor) (autor), Giner Robles, Jorge (autor) (autor)
Aineistotyyppi: Kirja
Kieli:espanja
Julkaistu: Madrid, España : Pearson : Prentice-Hall, 2005, c2004
Aiheet:
Tagit: Lisää tagi
Ei tageja, Lisää ensimmäinen tagi!

MARC

LEADER 00000nam^a2200000^a^4500
001 000191500
005 20250521000000.0
009 20260310102528.369
020 |a 84-205-3908-2 
037 |a Acervo ITESO - Biblioteca 
041 |a ESP 
082 |a 551.  |b POZ 
100 |a Pozo Rodríguez, Manuel  |e (autor) 
245 1 0 |a Geología práctica :  |b introducción al reconocimiento de materiales y análisis de mapas /  |c M. Pozo Rodríguez, J. González Yélamos, J. Giner Robles. 
264 4 |a Madrid, España :  |b Pearson :  |b Prentice-Hall,  |c 2005, c2004 
300 |a XII, 304, [40] p. 
336 |a texto  |b txt  |2 rdacontenido 
337 |a sin mediación  |b n  |2 rdamedio 
338 |a volumen  |b nc  |2 rdasoporte 
520 |a Libro introductorio para ciencias de la tierra sobre los métodos prácticos más comunes en geología. Contiene tres partes: la primera Minerales y rocas; la segunda Análisis de las formas del paisaje mediante mapas topográficos y fotografías aéreas y una tercera Mapas y cortes geológicos. De cada uno de estos campos tiene una serie de prácticas o ejercicios. 
649 |a XX 
650 |a Rocas 
650 |a Minerales 
650 |a Mapas 
650 |a Fotografía Aérea 
650 |a Geología -  |x Problemas, Ejercicios, etc. -  |x Tema Principal 
650 |a Geología 
650 |a Ciencias de la Tierra 
700 |a González Yélamos, Javier  |e (autor) 
700 |a Giner Robles, Jorge  |e (autor) 
910 |a Fondo General 
920 |a Impresos - Libros 
930 |a Colección General 
905 |a 101 
901 |a 0500135015  |b IT1  |c ACC  |u 20250521 
902 |a https://opac.biblio.iteso.mx/vufind/Record/000191500